Киргизская ССР... ... в 1961 году (Запись № 8868193)
[ простой вид ]
| 000 -МАРКЕР | |
|---|---|
| контрольное поле | 01248nam2a22002651 4500 |
| 001 - ИДЕНТИФИКАТОР ЗАПИСИ | |
| контрольное поле | rc\4529236 |
| 005 - ИДЕНТИФИКАТОР ВЕРСИИ | |
| контрольное поле | 20250612110721.0 |
| 021 ## - НОМЕР ГОСУДАРСТВЕННОЙ РЕГИСТРАЦИИ | |
| Код страны | Российская Федерация |
| Номер | [67-61649] |
| 035 ## - ДРУГИЕ СИСТЕМНЫЕ НОМЕРА | |
| Идентификатор записи | (NLR Aleph) 008628624 |
| 100 ## - ДАННЫЕ ОБЩЕЙ ОБРАБОТКИ | |
| Данные общей обработки | 20130416d1966 |||y0rusy50 ca |
| 101 0# - ЯЗЫК РЕСУРСА | |
| Язык текста, звукозаписи и т.д. | русский |
| 102 ## - СТРАНА ПУБЛИКАЦИИ ИЛИ ПРОИЗВОДСТВА | |
| Страна публикации | Российская Федерация |
| 105 ## - ПОЛЕ КОДИРОВАННЫХ ДАННЫХ: ТЕКСТОВЫЕ МАТЕРИАЛЫ, МОНОГРАФИЧЕСКИЕ | |
| Кодированные данные о монографическом текстовом документе | y z ||||| |
| 200 0# - ЗАГЛАВИЕ И СВЕДЕНИЯ ОБ ОТВЕТСТВЕННОСТИ | |
| Основное заглавие | ... в 1961 году |
| Первые сведения об ответственности | [Сост. Е. Новиченко] |
| 210 ## - ПУБЛИКАЦИЯ, РАСПРОСТРАНЕНИЕ И ДР. | |
| Дата издания, распространения и т.д. | 1966 |
| Место издания, распространения и т.д. | Б. м. |
| 215 ## - ФИЗИЧЕСКАЯ ХАРАКТЕРИСТИКА | |
| Специфическое обозначение материала и объем | 583 с. |
| 461 #0 - УРОВЕНЬ НАБОРА | |
| Встроенное поле | 001rc\4529235 |
| -- | 2001#$aКиргизская ССР...$eУказатель литературы$fМ-во культуры Кирг. ССР. Гос. респ. б-ка Кирг. ССР им. Н.Г. Чернышевского. Отд. нац. библиографии$v... в 1961 году |
| Системный номер (АБИС) связанной записи | 8868190 |
| Место публикации | Фрунзе |
| Дата публикации | 1966 |
| Первые сведения об ответственности | М-во культуры Кирг. ССР. Гос. респ. б-ка Кирг. ССР им. Н.Г. Чернышевского. Отд. нац. библиографии |
| Имя издателя, распространителя и т.д. | Б. и. |
| Сведения, относящиеся к заглавию | Указатель литературы |
| Заглавие | Киргизская ССР... |
| Номер тома | ... в 1961 году |
| 702 #1 - ИМЯ ЛИЦА - ВТОРИЧНАЯ ОТВЕТСТВЕННОСТЬ | |
| Начальный элемент ввода | Новиченко |
| Часть имени, кроме начального элемента ввода | Е. |
| Код отношения | Составитель |
| 801 #0 - ИСТОЧНИК ЗАПИСИ | |
| Страна | Российская Федерация |
| Организация | NLR |
| Правила каталогизации | psbo |
| 801 #1 - ИСТОЧНИК ЗАПИСИ | |
| Страна | Российская Федерация |
| Организация | ELAR |
| Источник данных | rusmarc |
| 852 ## - МЕСТОНАХОЖДЕНИЕ И ШИФР ХРАНЕНИЯ | |
| Идентификатор организации | NLR |
| Шифр хранения (Call Number) | С581Кирг/К-43 |
| 942 ## - ДОПОЛНИТЕЛЬНЫЕ ЭЛЕМЕНТЫ ЗАПИСИ (АБИС) | |
| Тип экземпляра АБИС | Книга |
| 980 ## - КОЛЛЕКЦИЯ | |
| Название коллекции | Национальная библиография |
| Тип экземпляра | Дата поступления | Библиотека постоянного хранения | Библиотека текущего хранения | Место хранения | Шифр хранения | Штрих-код | Статус экземпляра |
|---|---|---|---|---|---|---|---|
| Книга | 26.10.2013 | РНБ (Московский) | РНБ (Московский) | Центральная справочная библиотека | С581Кирг/К-43 | 1-4233336 | |
| Книга | 06.09.2023 | РНБ (Московский) | РНБ (Московский) | Центральная справочная библиотека | С581Кирг/К-43 | 1-4361661 |